| 000 | 00716nam a2200229Ia 4500 | ||
|---|---|---|---|
| 003 | OSt | ||
| 005 | 20250828113636.0 | ||
| 008 | 241004s9999 xx 000 0 und d | ||
| 020 | _a9781529753790 | ||
| 037 | _aTextbook | ||
| 040 |
_aARTS _beng _cARTS |
||
| 041 |
_aeng _2eng |
||
| 084 |
_aS R2 _qARTS |
||
| 100 |
_aSmith Jonathan A. Au.; Flowers Paul Au.; Larkin Michael Au. _9724685 |
||
| 245 |
_aInterpretative phenomenological analysis: theory, method and research _cSmith Jonathan A. Au.; Flowers Paul Au.; Larkin Michael Au. |
||
| 250 | _a2nd | ||
| 260 |
_aUSA _bLos Angeles Sage _c2022 |
||
| 300 | _a225p. | ||
| 365 |
_aUKP _b34.99 |
||
| 942 |
_cTB _hS R2 _2CC _n0 |
||
| 999 |
_c1218836 _d1218836 |
||